Pensamiento científico : historia de la idea de progreso /
Guardado en:
| Autor Principal: | |
|---|---|
| Otros Autores: | |
| Formato: | Libro |
| Publicado: |
Buenos Aires :
Conicet,
1996
|
| Series: | Pro Ciencia
|
| Materias: | |
| Etiquetas: |
Agregar Etiqueta
Sin Etiquetas, Sea el primero en etiquetar este registro!
|
| LEADER | 00966nam a22002655a 4500 | ||
|---|---|---|---|
| 001 | CEM.cems009568 | ||
| 005 | 20080828102040.0 | ||
| 008 | 130507s1996##################000#0#####d | ||
| 003 | CEMS | ||
| 020 | |a 9506870349 | ||
| 082 | 0 | 4 | |a 001 |
| 100 | 1 | |a Burucúa, José Emilio | |
| 245 | 1 | 0 | |a Pensamiento científico : |b historia de la idea de progreso / |c José Emilio Burucúa, Gerardo Martín Glatsman |
| 260 | |a Buenos Aires : |b Conicet, |c 1996 | ||
| 300 | |a 79 p. | ||
| 490 | 0 | |a Pro Ciencia | |
| 500 | |a Red Federal de Formación Docente Continua | ||
| 505 | 0 | |a Génesis de la idea de progreso -- El triunfo de la idea de progreso (1750-1914) -- La crisis de la idea de progreso | |
| 653 | |a Ciencia | ||
| 653 | |a Ciencia-filosofía | ||
| 653 | |a Ciencia-hsitoria | ||
| 653 | |a Progreso-idea de | ||
| 700 | 1 | |a Glatsman, Gerardo Martín | |
| 859 | |a CEMS |b BIB. CEMS - 11 de abril |h 001 |i B957 |p 19364.97 |t Ej.1 | ||
| 859 | |a CEMS |b BIB. CEMS - 11 de abril |h 001 |i B957 |p 20601.99 |t Ej.2 | ||
